000 00353nam a22001457a 4500
008 210428b ||||| |||| 00| 0 eng d
020 _a9781557987365
041 _aeng
080 _a37
082 _a37
100 _a46
101 _aEDU
245 _aHandbook of Bereavement Research Consequences, Coping, and Care
_cStroebe,M.S
942 _2udc
_cBK
999 _c56896
_d56896